000 00311nam a2200145Ia 4500
005 20251222153540.0
008 251222s9999||||xx |||||||||||||| ||spa||
020 _a978-950-23-1743-4
082 _a184/P71
100 _aPlatón
245 0 _aCritón
250 _a3a.ed.
264 _bEudeba,
942 _cLIB
999 _c30436
_d30436